Change management and economic crisis

Výsledky výskumu, ktorý sa uskutočnil v 412 podnikoch pôsobiacich na Slovensku a týkal sa dopadov hospodárskej krízy na podniky. Zavedné zmeny v skúmaných podnikoch. Podiel podnikov, ktoré dosiahli rast zisku v r. 2010 pri jednotlivých zavedených zmenách. Uskutočnené zmeny verzus rast zisku, verzus...

Description complète

Enregistré dans:
Détails bibliographiques
Auteur principal: Barátová, Veronika
Format: Chapitre de livre
Langue:slovaque
Sujets:
Tags: Ajouter un tag
Pas de tags, Soyez le premier à ajouter un tag!

MARC

LEADER 00000nla$a2200000$$$4500
001 0142165
005 20240502072540.2
041 0 |a slo 
044 |a SK 
245 1 0 |a Change management and economic crisis  |c Veronika Barátová 
520 |a Výsledky výskumu, ktorý sa uskutočnil v 412 podnikoch pôsobiacich na Slovensku a týkal sa dopadov hospodárskej krízy na podniky. Zavedné zmeny v skúmaných podnikoch. Podiel podnikov, ktoré dosiahli rast zisku v r. 2010 pri jednotlivých zavedených zmenách. Uskutočnené zmeny verzus rast zisku, verzus pozitívny prístup ku zmenám. 
610 2 0 |a firmy 
610 2 0 |a kríza hospodárska 
610 2 0 |a zisk 
610 2 0 |a dopyt 
610 2 0 |a manažment 
610 2 0 |a výskum 
610 2 0 |a Slovensko 
100 1 |a Barátová, Veronika